Jews in Germany after the Holocaut (Record no. 527234)

MARC details
000 -LEADER
fixed length control field 00839nam a2200265Ia 4500
003 - CONTROL NUMBER IDENTIFIER
control field OSt
005 - DATE AND TIME OF LATEST TRANSACTION
control field 20220925193828.0
008 - FIXED-LENGTH DATA ELEMENTS--GENERAL INFORMATION
fixed length control field 220923b |||||||| |||| 00| 0 eng d
020 ## - INTERNATIONAL STANDARD BOOK NUMBER
International Standard Book Number 052158809X
037 ## - SOURCE OF ACQUISITION
Terms of availability General Book
040 ## - CATALOGING SOURCE
Original cataloging agency RTL
Transcribing agency RTL
Language of cataloging eng
041 ## - LANGUAGE CODE
Source of code eng
Language code of text/sound track or separate title eng
100 ## - MAIN ENTRY--PERSONAL NAME
Personal name Rapaport Lynn
9 (RLIN) 249505
245 #0 - TITLE STATEMENT
Title Jews in Germany after the Holocaut
Remainder of title Memory, Identity and Jewish-German relations
260 ## - PUBLICATION, DISTRIBUTION, ETC.
Place of publication, distribution, etc. Cambridge
Name of publisher, distributor, etc. Cambridge University Press
Date of publication, distribution, etc. 1997
300 ## - PHYSICAL DESCRIPTION
Extent xi, 325p
Dimensions cm.
490 ## - SERIES STATEMENT
Series statement Cambridge Cultural Social Studies
500 ## - GENERAL NOTE
General note Bibliography Chapterwise: P 294-317; Appendix: P 263-68
650 ## - SUBJECT ADDED ENTRY--TOPICAL TERM
Topical term or geographic name entry element Hindus
942 ## - ADDED ENTRY ELEMENTS (KOHA)
Classification part Y73(Q5).55.N5, N7
Koha item type General Books
Source of classification or shelving scheme Colon Classification (CC)

No items available.

Copyright @ Delhi University Library System